Normal view
MARC view
- Ali, Muhammad Aadil
Entry Personal Name
001 - CONTROL NUMBER
- control field: 130542
003 - CONTROL NUMBER IDENTIFIER
- control field: NUST
005 - DATE AND TIME OF LATEST TRANSACTION
- control field: 20250922104906.0
008 - FIXED-LENGTH DATA ELEMENTS
- fixed length control field: 250922|| aca||aabn | a|a d
040 ## - CATALOGING SOURCE
- Original cataloging agency: NUST
- Transcribing agency: NUST
100 ## - HEADING--PERSONAL NAME
- Personal name: Ali, Muhammad Aadil
670 ## - SOURCE DATA FOUND
- Source citation: Work cat.: (NUST): Ali, Muhammad Aadil, Design of optimized nonlinear controllers for the attitude control of an octocopter system/
